Evaluación y comparación del comportamiento y degradación de plásticos oxodegradables y plásticos tradicionales en condiciones reales de un relleno sanitario
Kaydedildi:
| Yazar: | |
|---|---|
| Materyal Türü: | Kitap |
| Baskı/Yayın Bilgisi: |
San José, Costa Rica
2010
|
| Konular: | |
| Etiketler: |
Etiketle
Etiket eklenmemiş, İlk siz ekleyin!
|
MARC
| LEADER | 00000nam a2200000Ia 4500 | ||
|---|---|---|---|
| 003 | 010011 | ||
| 005 | 20221231144036.0 | ||
| 008 | 140114s2010 cr a 000 ||s d | ||
| 040 | |c cru CEDI | ||
| 090 | |a TFG 6185 | ||
| 100 | |a Arguello Corrales, Guido |9 3023 | ||
| 245 | |a Evaluación y comparación del comportamiento y degradación de plásticos oxodegradables y plásticos tradicionales en condiciones reales de un relleno sanitario | ||
| 260 | |c 2010 |b San José, Costa Rica | ||
| 500 | |a Proyecto de Graduación (licenciatura en ingeniería química)--Universidad de Costa Rica. Facultad de Ingeniería. Escuela de Ingeniería Química | ||
| 650 | |x PLASTICOS |x BIODEGRADACION |x MEDICIONES |x RELLENO SANITARIO LOS MANGOS (ALAJUELA, COSTA RICA) |x RELLENO SANITARIO RIO AZUL (LA UNION, CARTAGO, COSTA RICA) |x RELLENOS SANITARIOS |9 3024 | ||
| 942 | |c TFG | ||
| 999 | |c 16030 |d 16030 | ||
